Brit Awards - Best British Female Solo - Statistics

General Stats
  • This quiz has been taken 92 times
  • The average score is 12 of 41
Answer Stats
Hint Answer % Correct
2012 Adele
91%
2016 Adele
91%
1987 Kate Bush
60%
2007 Amy Winehouse
56%
2018 Dua Lipa
53%
2021 Dua Lipa
53%
2002 Dido
40%
2004 Dido
40%
2009 Duffy
40%
2014 Ellie Goulding
37%
2010 Lily Allen
37%
1984 Annie Lennox
33%
1986 Annie Lennox
33%
1989 Annie Lennox
33%
1990 Annie Lennox
33%
1993 Annie Lennox
33%
1996 Annie Lennox
33%
1977 Shirley Bassey
28%
1983 Kim Wilde
26%
1991 Lisa Stansfield
23%
1992 Lisa Stansfield
23%
1985 Alison Moyet
21%
1988 Alison Moyet
21%
2008 Kate Nash
21%
2013 Emeli Sandé
19%
2017 Emeli Sandé
19%
1997 Gabrielle
16%
2006 KT Tunstall
16%
2011 Laura Marling
16%
2020 Mabel
16%
2015 Paloma Faith
16%
2001 Sonique
16%
1994 Dina Carroll
14%
1995 Eddi Reader
14%
2005 Joss Stone
14%
1998 Shola Ama
14%
2000 Beth Orton
12%
1999 Des'ree
12%
2019 Jorja Smith
12%
2003 Ms. Dynamite
12%
1982 Randy Crawford
12%
No matching quizzes found
Score Distribution
Percent of People with Each Score
Percentile by Number Answered
Your Score History
You have not taken this quiz